[Event "Arad op 16th"]
[Site "Arad"]
[Date "2023.08.07"]
[Round "1"]
[White "Puskas, Mihaly"]
[Black "Haring, Filip"]
[Result "0-1"]
[WhiteElo "1756"]
[BlackElo "2446"]
[PlyCount "54"]
[EventDate "2023.08.07"]
[EventType "swiss"]
[EventRounds "9"]
[EventCountry "ROU"]
[SourceTitle "EXT 2024"]
[Source "ChessBase"]
[SourceDate "2023.10.10"]
[SourceVersion "1"]
[SourceVersionDate "2023.10.10"]
[SourceQuality "1"]

1. d4 e6 2. c4 Nf6 3. Nc3 Bb4 4. Qc2 Nc6 5. Nf3 0-0 6. e4 d6 7. Bd3 e5 8. Be3 Bg4 9. d5 Bxf3 10. dxc6 Bxg2 11. Rg1 Bf3 12. cxb7 Rb8 13. Rg3 Bh5 14. f3 Rxb7 15. 0-0-0 c6 16. Rdg1 Bg6 17. Ne2 d5 18. exd5 cxd5 19. Bxg6 fxg6 20. Bg5 Rc7 21. b3 dxc4 22. bxc4 Ba3+ 23. Kb1 Rb7+ 24. Ka1 Bb2+ 25. Kb1 Qa5 26. R1g2 Bd4+ 27. Kc1 Qe1+ 0-1

[Event "HUN-chT U18"]
[Site "Budapest"]
[Date "2022.11.01"]
[Round "2.5"]
[White "Molnar, Dalma Reka"]
[Black "Puskas, Mihaly"]
[Result "0-1"]
[WhiteElo "1437"]
[BlackElo "1642"]
[PlyCount "86"]
[EventDate "2022.10.31"]
[EventType "team-swiss"]
[EventRounds "7"]
[EventCountry "HUN"]
[SourceTitle "CBM 211 Extra"]
[Source "ChessBase"]
[SourceDate "2023.01.31"]
[SourceVersion "1"]
[SourceVersionDate "2023.01.31"]
[SourceQuality "1"]
[WhiteTeam "TFSE"]
[BlackTeam "Maroczy"]
[WhiteTeamCountry "HUN"]
[BlackTeamCountry "HUN"]

1. e4 c6 2. Nc3 d5 3. Nf3 Bg4 4. h3 Bxf3 5. Qxf3 e6 6. d3 Nd7 7. Bd2 Ngf6 8. Be2 Bd6 9. 0-0 d4 10. Nd1 Qc7 11. c3 Bh2+ 12. Kh1 Ne5 13. Bf4 Nxf3 14. Bxc7 Bxc7 15. Bxf3 0-0-0 16. c4 g5 17. Be2 h5 18. g3 h4 19. g4 Ng8 20. b4 Ne7 21. Re1 Bf4 22. Rb1 Ng6 23. a3 b6 24. Nb2 a5 25. b5 c5 26. Na4 Kb7 27. Red1 Bc7 28. Rdc1 Nf4 29. Bf1 Rhf8 30. Nb2 f6 31. a4 Rf7 32. Bg2 Ka7 33. f3 Ng6 34. Rf1 Bg3 35. Rbd1 Rdf8 36. Rd2 f5 37. Kg1 Ne5 38. Rc2 fxg4 39. fxg4 Rxf1+ 40. Bxf1 Nf3+ 41. Kh1 Ne1 42. Be2 Nxc2 43. Kg1 Rf2 0-1

[Event "HUN-chT U18"]
[Site "Budapest"]
[Date "2022.11.01"]
[Round "3.5"]
[White "Puskas, Mihaly"]
[Black "Foldes, Marton Gabor"]
[Result "1/2-1/2"]
[WhiteElo "1642"]
[BlackElo "2089"]
[PlyCount "117"]
[EventDate "2022.10.31"]
[EventType "team-swiss"]
[EventRounds "7"]
[EventCountry "HUN"]
[SourceTitle "CBM 211 Extra"]
[Source "ChessBase"]
[SourceDate "2023.01.31"]
[SourceVersion "1"]
[SourceVersionDate "2023.01.31"]
[SourceQuality "1"]
[WhiteTeam "Maroczy"]
[BlackTeam "Kobanya Aquarena"]
[WhiteTeamCountry "HUN"]
[BlackTeamCountry "HUN"]

1. d4 e6 2. c4 Bb4+ 3. Nc3 c5 4. dxc5 Bxc3+ 5. bxc3 Qa5 6. Qc2 Nf6 7. Nf3 Na6 8. c6 bxc6 9. g3 0-0 10. Bg2 Nc5 11. 0-0 Ba6 12. Nd2 d5 13. Bb2 Rac8 14. Nb3 Qa4 15. cxd5 cxd5 16. Rfe1 Nce4 17. Rac1 Rfd8 18. Nd4 Qa5 19. Qb3 Rb8 20. Qa3 Qb6 21. Qb4 Qc7 22. Qa4 Nc5 23. Qc6 Qa5 24. Nb3 Nxb3 25. axb3 Rdc8 26. Ra1 Rxc6 27. Rxa5 Rxb3 28. Ba1 Rcb6 29. f4 h5 30. h3 Kf8 31. Kf2 R3b5 32. Ra4 Nd7 33. c4 dxc4 34. Rxc4 Rb1 35. Rxb1 Bxc4 36. Rxb6 axb6 37. Bd4 b5 38. Ke1 f6 39. e3 Ke7 40. Bc3 Nb6 41. Bb4+ Kd7 42. e4 g6 43. Kd2 Na4 44. Ba3 Kc7 45. Bf3 f5 46. g4 hxg4 47. hxg4 Nb6 48. gxf5 exf5 49. exf5 gxf5 50. Kc3 Kd7 51. Kd4 Ke6 52. Bc6 Nc8 53. Kc5 Ne7 54. Bxb5 Bxb5 55. Kxb5 Ng6 56. Kc4 Nxf4 57. Kd4 Ng2 58. Bc1 Kf6 59. Bd2 1/2-1/2

[Event "HUN-ch U14"]
[Site "Eger"]
[Date "2021.08.23"]
[Round "1"]
[White "Puskas, Mihaly"]
[Black "Tran, David"]
[Result "0-1"]
[WhiteElo "1603"]
[BlackElo "2111"]
[PlyCount "64"]
[EventDate "2021.08.20"]
[EventType "swiss"]
[EventRounds "7"]
[EventCountry "HUN"]
[SourceTitle "EXT 2022"]
[Source "ChessBase"]
[SourceDate "2021.10.06"]
[SourceVersion "1"]
[SourceVersionDate "2021.10.06"]
[SourceQuality "1"]

1. b4 Nf6 2. Bb2 e6 3. a3 a5 4. b5 d5 5. f4 c6 6. e3 a4 7. c4 Bd7 8. Nc3 Qa5 9. Rb1 Bc5 10. Be2 0-0 11. Nf3 dxc4 12. Bxc4 cxb5 13. Bxb5 Bxb5 14. Nxb5 Nd5 15. Bd4 Bxd4 16. Nbxd4 Nxe3 17. Qe2 Nd5 18. Rb5 Qc7 19. Nxe6 fxe6 20. Qxe6+ Kh8 21. Qxd5 Qc1+ 22. Kf2 Qxh1 23. Rxb7 Na6 24. Rxg7 Kxg7 25. Qe5+ Rf6 26. Qe7+ Rf7 27. Qe5+ Kg8 28. Qg5+ Kh8 29. Ne5 Rg7 30. Qf6 Qxg2+ 31. Ke3 Qh3+ 32. Kd4 Qh5 0-1

[Event "Tapolca Olympic Hopes"]
[Site "Tapolca"]
[Date "2021.06.24"]
[Round "1"]
[White "Matyassy, Lazar"]
[Black "Puskas, Mihaly"]
[Result "1-0"]
[WhiteElo "2101"]
[BlackElo "1493"]
[PlyCount "49"]
[EventDate "2021.06.24"]
[EventType "swiss"]
[EventRounds "7"]
[EventCountry "HUN"]
[SourceTitle "CBM 203 Extra"]
[Source "ChessBase"]
[SourceDate "2021.09.30"]
[SourceVersion "1"]
[SourceVersionDate "2021.09.30"]
[SourceQuality "1"]

1. e4 c6 2. d4 d5 3. Nc3 dxe4 4. Nxe4 Bf5 5. Ng3 Bg6 6. h4 h6 7. Nf3 Nd7 8. h5 Bh7 9. Bd3 Bxd3 10. Qxd3 Ngf6 11. Bd2 e6 12. 0-0-0 Bd6 13. Ne4 Nxe4 14. Qxe4 Nf6 15. Qe2 0-0 16. g4 Nxg4 17. Rhg1 Nf6 18. Bxh6 Ne8 19. Ne5 Qa5 20. Kb1 Rd8 21. Bxg7 Nxg7 22. h6 Bxe5 23. hxg7 Rfe8 24. Qh5 Bxg7 25. Qxa5 1-0

[Event "HUN-ch U12"]
[Site "Tapolca"]
[Date "2020.08.15"]
[Round "1"]
[White "Turcsanyi, Vince Gergo"]
[Black "Puskas, Mihaly"]
[Result "1-0"]
[WhiteElo "1892"]
[BlackElo "1407"]
[PlyCount "61"]
[EventDate "2020.08.15"]
[EventType "swiss"]
[EventRounds "7"]
[EventCountry "HUN"]
[SourceTitle "EXT 2023"]
[Source "ChessBase"]
[SourceDate "2022.10.05"]
[SourceVersion "1"]
[SourceVersionDate "2022.10.05"]
[SourceQuality "1"]
[WhiteTeam "Hungary"]
[BlackTeam "Hungary"]
[WhiteTeamCountry "HUN"]
[BlackTeamCountry "HUN"]

1. e4 e5 2. Nf3 Nc6 3. Bb5 a6 4. Ba4 b5 5. Bb3 d6 6. c3 Be7 7. 0-0 Bg4 8. Qe2 Nf6 9. Rd1 0-0 10. d3 h6 11. h3 Bh5 12. Nbd2 Qd7 13. Nf1 Bg6 14. g4 Na5 15. Bc2 Nh7 16. Ng3 Nb7 17. Kh2 a5 18. Nf5 b4 19. Rg1 Ng5 20. Bxg5 Bxg5 21. Nxg5 hxg5 22. cxb4 axb4 23. Qd2 Bxf5 24. gxf5 f6 25. Bb3+ Kh8 26. h4 Na5 27. Be6 Qb5 28. hxg5 c5 29. Qe3 g6 30. Qh3+ Kg7 31. Qh6# 1-0

[Event "HUN--chT U12"]
[Site "Budapest"]
[Date "2019.10.27"]
[Round "3.3"]
[White "Kovacs, Kristof"]
[Black "Puskas, Mihaly"]
[Result "1/2-1/2"]
[WhiteElo "1547"]
[BlackElo "1480"]
[PlyCount "57"]
[EventDate "2019.10.26"]
[EventType "team-swiss"]
[EventRounds "7"]
[EventCountry "HUN"]
[SourceTitle "CBM 192 Extra"]
[Source "Chessbase"]
[SourceDate "2019.11.06"]
[SourceVersion "1"]
[SourceVersionDate "2019.11.06"]
[SourceQuality "1"]
[WhiteTeam "DVTK"]
[BlackTeam "Szeged Maroczy"]
[WhiteTeamCountry "HUN"]
[BlackTeamCountry "HUN"]

1. e4 e5 2. Nf3 Nc6 3. Bb5 a6 4. Ba4 b5 5. Bb3 d6 6. 0-0 Bg4 7. c3 Nf6 8. d3 Qd7 9. Bg5 Be7 10. a4 0-0 11. Nbd2 h6 12. Be3 Na5 13. Bc2 c6 14. Qe2 d5 15. Rfd1 Qe6 16. b4 Nb7 17. Nf1 Rfd8 18. Ng3 c5 19. bxc5 Nxc5 20. Bxc5 Bxc5 21. d4 exd4 22. e5 Bxf3 23. Qxf3 Qxe5 24. cxd4 Bxd4 25. Re1 Bxa1 26. Rxe5 Bxe5 27. Nf5 Kf8 28. axb5 axb5 29. g3 1/2-1/2

[Event "HUN--chT U12"]
[Site "Budapest"]
[Date "2019.10.27"]
[Round "2.3"]
[White "Porpaczy, Marton"]
[Black "Puskas, Mihaly"]
[Result "0-1"]
[WhiteElo "1066"]
[BlackElo "1480"]
[PlyCount "76"]
[EventDate "2019.10.26"]
[EventType "team-swiss"]
[EventRounds "7"]
[EventCountry "HUN"]
[SourceTitle "CBM 192 Extra"]
[Source "Chessbase"]
[SourceDate "2019.11.06"]
[SourceVersion "1"]
[SourceVersionDate "2019.11.06"]
[SourceQuality "1"]
[WhiteTeam "Szombathelyi"]
[BlackTeam "Szeged Maroczy"]
[WhiteTeamCountry "HUN"]
[BlackTeamCountry "HUN"]

1. e4 e5 2. Nf3 Nc6 3. c3 Nf6 4. d4 exd4 5. e5 Qe7 6. cxd4 d6 7. Bb5 Bd7 8. 0-0 Nd5 9. Re1 Be6 10. Qc2 Kd7 11. exd6 cxd6 12. Nc3 Qf6 13. Ne4 Qf5 14. Bg5 a6 15. Bxc6+ bxc6 16. Rac1 Nb4 17. Qc3 Qb5 18. a4 Qxa4 19. Ne5+ dxe5 20. dxe5 Bd5 21. Qh3+ Kc7 22. Nc3 Qa5 23. Nxd5+ Nxd5 24. e6 fxe6 25. Rxe6 Bd6 26. Rce1 Bb4 27. Qg3+ Kb7 28. Rc1 Rac8 29. Be3 Qc7 30. Qf3 Rhf8 31. Qe2 Nxe3 32. Rxe3 Qb6 33. Rc2 Bc5 34. Rxc5 Qxc5 35. Rb3+ Ka7 36. g3 Rce8 37. Qg4 Qxf2+ 38. Kh1 Qf1# 0-1

[Event "HUN-chT2 Toth 1819"]
[Site "Hungary"]
[Date "2019.04.28"]
[Round "11.12"]
[White "Puskas, Mihaly"]
[Black "Szekeres, Mihaly"]
[Result "0-1"]
[WhiteElo "1346"]
[BlackElo "1647"]
[PlyCount "66"]
[EventDate "2018.09.23"]
[EventType "team-tourn"]
[EventRounds "11"]
[EventCountry "HUN"]
[SourceTitle "EXT 2021"]
[Source "ChessBase"]
[SourceDate "2020.10.23"]
[SourceVersion "1"]
[SourceVersionDate "2020.10.23"]
[SourceQuality "1"]
[WhiteTeam "Szeged Maroczy III"]
[BlackTeam "Mako Duocor II"]
[WhiteTeamCountry "HUN"]
[BlackTeamCountry "HUN"]

1. e4 c5 2. Nf3 d6 3. d4 cxd4 4. Nxd4 a6 5. Nc3 e6 6. Be3 Bd7 7. Bd3 Qc7 8. Qd2 Nc6 9. Nxc6 Bxc6 10. 0-0-0 b5 11. h4 Nf6 12. f3 b4 13. Ne2 d5 14. exd5 Nxd5 15. Nf4 Nxe3 16. Qxe3 e5 17. Be4 Bd6 18. Bxc6+ Qxc6 19. Nd5 0-0-0 20. Qe4 Qb7 21. Qg4+ Kb8 22. Rhe1 f6 23. Re3 Bc5 24. Red3 a5 25. f4 e4 26. R3d2 Rhe8 27. Qe2 f5 28. Ne3 Rxd2 29. Rxd2 Bxe3 30. Qxe3 Qc6 31. Rd4 Rc8 32. c3 bxc3 33. Qxc3 Qb5 0-1

[Event "HUN-chT2 Toth 1819"]
[Site "Hungary"]
[Date "2019.03.31"]
[Round "10.12"]
[White "Horvath, Dominik1111"]
[Black "Puskas, Mihaly"]
[Result "0-1"]
[WhiteElo "1249"]
[BlackElo "1346"]
[PlyCount "108"]
[EventDate "2018.09.23"]
[EventType "team-tourn"]
[EventRounds "11"]
[EventCountry "HUN"]
[SourceTitle "EXT 2021"]
[Source "ChessBase"]
[SourceDate "2020.10.23"]
[SourceVersion "1"]
[SourceVersionDate "2020.10.23"]
[SourceQuality "1"]
[WhiteTeam "Oroshaza"]
[BlackTeam "Szeged Maroczy III"]
[WhiteTeamCountry "HUN"]
[BlackTeamCountry "HUN"]

1. e4 e5 2. Nf3 Nc6 3. Bc4 Bc5 4. 0-0 d6 5. h3 Nf6 6. d3 Qe7 7. Be3 Bb6 8. Nbd2 Bd7 9. c3 0-0-0 10. Qc2 Rdg8 11. Qb3 Be6 12. Bxe6+ Qxe6 13. Qxe6+ fxe6 14. Bxb6 axb6 15. Ng5 Re8 16. a3 h6 17. Ngf3 d5 18. Rfe1 Kd7 19. b4 Kd6 20. b5 Ne7 21. exd5 Nexd5 22. Nxe5 Rhf8 23. d4 Nxc3 24. a4 Ncd5 25. Ndc4+ Ke7 26. Ng6+ Kd7 27. Nxf8+ Rxf8 28. Ne5+ Kd6 29. Ng6 Ra8 30. Re5 Nd7 31. Re4 N7f6 32. Re2 Nc3 33. Re3 Nfd5 34. Rf3 Rxa4 35. Rxa4 Nxa4 36. Rf7 Nac3 37. Rxg7 Nxb5 38. Nf8 Nxd4 39. Rh7 b5 40. Rxh6 b4 41. Rh4 c5 42. Re4 b3 43. Re1 c4 44. h4 Nf6 45. Rd1 Kc5 46. g4 Ne2+ 47. Kf1 Nf4 48. g5 Ng8 49. Nd7+ Kb4 50. Ne5 b2 51. Ke1 c3 52. Rb1 Kb3 53. Nd3 Nxd3+ 54. Ke2 c2 0-1